The art of travel / (Record no. 1863)
[ view plain ]
| 000 -LEADER | |
|---|---|
| fixed length control field | 00435cam a2200157 4500 |
| 001 - CONTROL NUMBER | |
| control field | 2336 |
| 005 - DATE AND TIME OF LATEST TRANSACTION | |
| control field | 20181127164950.0 |
| 008 - FIXED-LENGTH DATA ELEMENTS--GENERAL INFORMATION | |
| fixed length control field | 011116s2002 enka 000 0 eng |
| 010 ## - LIBRARY OF CONGRESS CONTROL NUMBER | |
| LC control number | 2002483942 |
| 020 ## - INTERNATIONAL STANDARD BOOK NUMBER | |
| International Standard Book Number | 0375725342 |
| 100 1# - MAIN ENTRY--PERSONAL NAME | |
| Personal name | De Botton, Alain. |
| 245 14 - TITLE STATEMENT | |
| Title | The art of travel / |
| Statement of responsibility, etc. | Alain De Botton. |
| 260 ## - PUBLICATION, DISTRIBUTION, ETC. | |
| Place of publication, distribution, etc. | New York : |
| Name of publisher, distributor, etc. | Vintage International Books, |
| Date of publication, distribution, etc. | 2002. |
| 300 ## - PHYSICAL DESCRIPTION | |
| Extent | 261 p. : |
| Other physical details | ill. ; |
| Dimensions | 18 cm. |
| 650 #0 - SUBJECT ADDED ENTRY--TOPICAL TERM | |
| Topical term or geographic name entry element | Travel |
| General subdivision | Philosophy. |
| Withdrawn status | Lost status | Source of classification or shelving scheme | Damaged status | Not for loan | Collection code | Home library | Current library | Shelving location | Date acquired | Serial Enumeration / chronology | Inventory number | Total Checkouts | Full call number | Barcode | Date last seen | Date last checked out | Copy number | Price effective from | Koha item type |
|---|---|---|---|---|---|---|---|---|---|---|---|---|---|---|---|---|---|---|---|
| Dewey Decimal Classification | Main TEST | RTC Library | RTC Library | Main opac | 22/09/2021 | 1649 | 2 | 808.803 DEB | 30001246 | 29/04/2024 | 08/04/2024 | 1 | 27/11/2018 | Main | |||||
| Dewey Decimal Classification | Main TEST | RTC Library | RTC Library | Main opac | 5227 | 1 | 808.803 DEB | 30001221 | 06/11/2019 | 23/10/2019 | 2 | 27/11/2018 | Main |